Synthesis and characterization of metal oxide nanoparticles (Record no. 393791)

MARC details
000 -LEADER
fixed length control field 00492nam a22001817a 4500
005 - DATE & TIME
control field 20251103105737.0
008 - FIXED-LENGTH DATA ELEMENTS--GENERAL INFORMATION
fixed length control field 251103b |||||||| |||| 00| 0 eng d
040 ## - CATALOGING SOURCE
Original cataloging agency VIVEKANANDA LIBRARY
082 ## - DDC NUMBER
Classification number 538.3
Book Number H225S
100 ## - MAIN ENTRY--PERSONAL NAME
Personal name Harita Kumari
245 ## - TITLE STATEMENT
Title Synthesis and characterization of metal oxide nanoparticles
260 ## - PUBLICATION, DISTRIBUTION, ETC. (IMPRINT)
Name of publisher, distributor, etc Department of Physics, M D University, Rohtak
Date of publication, distribution, etc 2024
300 ## - PHYSICAL DESCRIPTION
Pages xxiii, 176
650 ## - Subject
Subject Physics
700 ## - Added Entry Personal Name
Added Entry Personal Name Parmar, Rajesh
700 ## - Added Entry Personal Name
Added Entry Personal Name Ashok Kumar
942 ## - ADDED ENTRY ELEMENTS (KOHA)
Koha item type Thesis
Holdings
Withdrawn status Lost status Source of classification or shelving scheme Damaged status Not for loan Location (home branch) Sublocation or collection (holding branch) Shelving location Date acquired Koha issues (times borrowed) Koha full call number Accession No. Koha date last seen Copy number Koha item type
    Dewey Decimal Classification     VIVEKANANDA LIBRARY VIVEKANANDA LIBRARY Vivekananda Library 03/11/2025   538.3 H225S 411177 03/11/2025 R Thesis
© Designed and Maintained by Vivekananda Library, MDU Rohtak